[Event "Angers op 15th"]
[Site "Angers"]
[Date "2022.05.29"]
[Round "5"]
[White "Denous, Cyprien"]
[Black "Forgeais, Arthur"]
[Result "0-1"]
[WhiteElo "1999"]
[BlackElo "1615"]
[PlyCount "148"]
[EventDate "2022.05.27"]
[EventType "swiss"]
[EventRounds "6"]
[EventCountry "FRA"]
[SourceTitle "CBM 208 Extra"]
[Source "ChessBase"]
[SourceDate "2022.07.31"]
[SourceVersion "1"]
[SourceVersionDate "2022.07.31"]
[SourceQuality "1"]

1. c4 Nf6 2. g3 g6 3. Bg2 Bg7 4. Nf3 d6 5. Nc3 0-0 6. 0-0 e5 7. d3 Nc6 8. h3 Ne7 9. Bd2 c6 10. Qc1 Be6 11. e4 a5 12. Bh6 Qd7 13. Bxg7 Kxg7 14. Kh2 h6 15. c5 Rfd8 16. Na4 Qc7 17. Nb6 Ra6 18. Qc3 dxc5 19. Nc4 Bxc4 20. dxc4 Nxe4 21. Qe3 f5 22. Rfe1 Ng8 23. Nh4 Rd4 24. Bxe4 fxe4 25. b3 Ra8 26. Rad1 Rad8 27. Qe2 Nf6 28. Ng2 R8d7 29. Ne3 Qd8 30. Rxd4 cxd4 31. Ng4 d3 32. Qd2 Nxg4+ 33. hxg4 Qg5 34. Qxg5 hxg5 35. Kg2 Kf6 36. Kf1 Ke6 37. Rd1 Kd6 38. Ke1 Rh7 39. Kd2 Kc5 40. Ke3 Rf7 41. Rd2 Rd7 42. Kxe4 Kb4 43. Kxe5 Kc3 44. Rd1 Kc2 45. Rh1 d2 46. Kf6 Rd6+ 47. Kxg5 Re6 48. f4 d1Q 49. Rxd1 Kxd1 50. f5 gxf5 51. gxf5 Re2 52. g4 Rxa2 53. Kg6 Rf2 54. g5 Kc2 55. f6 Kxb3 56. Kf7 a4 57. g6 a3 58. g7 Rg2 59. g8Q Rxg8 60. Kxg8 a2 61. f7 a1Q 62. f8Q Qg1+ 63. Kh7 Qh2+ 64. Kg7 Qg3+ 65. Kh8 Qh4+ 66. Kg7 Qg4+ 67. Kh7 Qxc4 68. Qf3+ Kb2 69. Kg6 b5 70. Qf6+ Qc3 71. Qd6 b4 72. Kf7 c5 73. Ke7 Qg7+ 74. Kd8 Qd4 0-1

[Event "Paris Oscaro blitz"]
[Site "Paris"]
[Date "2017.09.16"]
[Round "1"]
[White "Lagarde, Maxime"]
[Black "Denous, Cyprien"]
[Result "1-0"]
[WhiteElo "2598"]
[BlackElo "2013"]
[PlyCount "35"]
[EventDate "2017.09.16"]
[EventType "swiss (blitz)"]
[EventRounds "9"]
[EventCountry "FRA"]
[SourceTitle "CBM 180 Extra"]
[Source "ChessBase"]
[SourceDate "2017.10.06"]
[SourceVersion "1"]
[SourceVersionDate "2017.10.06"]
[SourceQuality "1"]

1. e4 d6 2. d4 Nf6 3. Nc3 c6 4. Be3 Nbd7 5. Qd2 Qc7 6. f3 e5 7. Nge2 Be7 8. g4 h6 9. Ng3 exd4 10. Bxd4 Ne5 11. Be2 Be6 12. 0-0-0 0-0 13. h4 b5 14. g5 hxg5 15. hxg5 Nfd7 16. f4 Nc4 17. Bxc4 Bxc4 18. Qh2 1-0

[Event "Budapest FS08 FM-A"]
[Site "Budapest"]
[Date "2014.08.04"]
[Round "3"]
[White "Denous, Cyprien"]
[Black "Bartha, Sandor"]
[Result "1/2-1/2"]
[WhiteElo "2004"]
[BlackElo "2056"]
[PlyCount "97"]
[EventDate "2014.08.02"]
[EventType "tourn"]
[EventRounds "9"]
[EventCountry "HUN"]
[SourceTitle "CBM 161 Extra"]
[Source "ChessBase"]
[SourceDate "2014.08.29"]
[SourceVersion "1"]
[SourceVersionDate "2014.08.29"]
[SourceQuality "1"]

1. g3 d5 2. Bg2 c6 3. f4 g6 4. Nf3 Bg7 5. d3 Qb6 6. c3 Nf6 7. e3 Bg4 8. 0-0 0-0 9. Qe1 Bxf3 10. Bxf3 Nbd7 11. d4 e6 12. Nd2 Rad8 13. Kh1 Ne8 14. e4 f5 15. e5 c5 16. Nb3 c4 17. Nd2 h5 18. b3 cxb3 19. Nxb3 Nc7 20. Ba3 Rfe8 21. Rb1 Qa6 22. Bb4 b6 23. Bd6 Qc8 24. Qe2 Bf8 25. Rfc1 Bxd6 26. exd6 Na8 27. c4 Qa6 28. cxd5 Qxe2 29. Bxe2 exd5 30. Bb5 Rf8 31. Re1 Nf6 32. Re6 Kg7 33. Rbe1 Ne4 34. Bc6 Nxd6 35. Bxd5 Nf7 36. Bc6 a5 37. Re7 Kh6 38. Kg2 Nd6 39. R1e6 a4 40. Nd2 Nc8 41. Re8 Nc7 42. Rxf8 Rxf8 43. Re5 a3 44. Nf3 Kg7 45. Ng5 Rd8 46. d5 Kf8 47. Kf2 Ne7 48. Nh7+ Kf7 49. Ng5+ 1/2-1/2

[Event "Cholet-A"]
[Site "Cholet"]
[Date "2012.02.24"]
[Round "9"]
[White "Hallay, Axel"]
[Black "Denous, Cyprien"]
[Result "0-1"]
[WhiteElo "1987"]
[BlackElo "2032"]
[PlyCount "72"]
[EventDate "2012.02.18"]
[EventType "tourn"]
[EventRounds "9"]
[EventCountry "FRA"]
[SourceTitle "EXT 2013"]
[Source "ChessBase"]
[SourceDate "2012.11.22"]
[SourceVersion "1"]
[SourceVersionDate "2012.11.22"]
[SourceQuality "1"]

1. c4 c6 2. d4 Qc7 3. Nf3 d6 4. Nc3 e5 5. d5 Nf6 6. e4 Nbd7 7. Bd3 g6 8. 0-0 Bg7 9. Bg5 h6 10. Be3 0-0 11. h3 Nh5 12. Qd2 g5 13. Rfd1 Ndf6 14. dxc6 bxc6 15. Be2 Rd8 16. Nxe5 Bxh3 17. Nxf7 Qxf7 18. gxh3 Qe6 19. Bf1 g4 20. hxg4 Qxg4+ 21. Bg2 Rd7 22. f3 Qg6 23. Ne2 Bf8 24. Nd4 Re8 25. Nxc6 Ng3 26. Bf2 Rg7 27. Bxg3 Qxg3 28. Qf2 Qf4 29. Nd4 Rg6 30. Ne2 Qg5 31. Rd2 Qxd2 32. Kh1 Re5 33. f4 Rh5+ 34. Kg1 Ng4 35. Qf3 d5 36. Qb3 Bc5+ 0-1

[Event "Cholet-A"]
[Site "Cholet"]
[Date "2012.02.23"]
[Round "8"]
[White "Denous, Cyprien"]
[Black "Rabouan, Jean Francois"]
[Result "1/2-1/2"]
[WhiteElo "2032"]
[BlackElo "1925"]
[PlyCount "83"]
[EventDate "2012.02.18"]
[EventType "tourn"]
[EventRounds "9"]
[EventCountry "FRA"]
[SourceTitle "EXT 2013"]
[Source "ChessBase"]
[SourceDate "2012.11.22"]
[SourceVersion "1"]
[SourceVersionDate "2012.11.22"]
[SourceQuality "1"]

1. e4 Nf6 2. e5 Nd5 3. d4 d6 4. c4 Nb6 5. f4 dxe5 6. fxe5 c5 7. d5 g6 8. Bf4 Bg7 9. h3 0-0 10. Nc3 e6 11. d6 f6 12. Ne4 N6d7 13. Nf3 Nc6 14. Qd2 f5 15. Bg5 Qe8 16. Nf6+ Nxf6 17. exf6 Bxf6 18. Bxf6 Rxf6 19. 0-0-0 Bd7 20. h4 Rd8 21. Be2 b6 22. h5 gxh5 23. Ng5 h6 24. Rxh5 Nd4 25. Rdh1 Nxe2+ 26. Qxe2 Qf8 27. Nf3 Qxd6 28. Ne5 Be8 29. Rxh6 Rxh6 30. Rxh6 Kg7 31. Rh3 Kf6 32. g4 Qd4 33. gxf5 Qf4+ 34. Re3 exf5 35. Kc2 Rd4 36. b3 Re4 37. Rxe4 Qxe4+ 38. Qxe4 fxe4 39. Ng4+ Kf5 40. Ne3+ Kf4 41. Kd2 Bd7 42. Ke2 1/2-1/2

[Event "Cholet-A"]
[Site "Cholet"]
[Date "2012.02.21"]
[Round "5"]
[White "Duboue, Peio"]
[Black "Denous, Cyprien"]
[Result "1-0"]
[WhiteElo "2207"]
[BlackElo "2032"]
[PlyCount "57"]
[EventDate "2012.02.18"]
[EventType "tourn"]
[EventRounds "9"]
[EventCountry "FRA"]
[SourceTitle "EXT 2013"]
[Source "ChessBase"]
[SourceDate "2012.11.22"]
[SourceVersion "1"]
[SourceVersionDate "2012.11.22"]
[SourceQuality "1"]

1. e4 Nf6 2. e5 Nd5 3. d4 d6 4. exd6 cxd6 5. c4 Nb6 6. Nc3 g6 7. Be3 Bg7 8. Rc1 0-0 9. b3 e5 10. dxe5 dxe5 11. Qxd8 Rxd8 12. c5 N6d7 13. Bc4 Nc6 14. Nf3 Na5 15. Be2 Nf8 16. Nb5 Ne6 17. 0-0 a6 18. Nd6 b6 19. Nxc8 Rdxc8 20. cxb6 Rcb8 21. Rfd1 e4 22. Nd2 Bd4 23. b4 Nb7 24. Nxe4 Bxe3 25. fxe3 a5 26. Nc5 Ned8 27. Bf3 axb4 28. Nxb7 Nxb7 29. Rc7 1-0

[Event "Cholet-A"]
[Site "Cholet"]
[Date "2011.03.11"]
[Round "9"]
[White "Denous, Cyprien"]
[Black "Dumont, Gilles"]
[Result "1/2-1/2"]
[WhiteElo "2012"]
[BlackElo "1910"]
[PlyCount "158"]
[EventDate "2011.03.05"]
[EventType "tourn"]
[EventRounds "9"]
[EventCountry "FRA"]
[SourceTitle "EXT 2012"]
[Source "ChessBase"]
[SourceDate "2011.11.24"]
[SourceVersion "1"]
[SourceVersionDate "2011.11.24"]
[SourceQuality "1"]

1. e4 e5 2. Nf3 Nc6 3. d4 exd4 4. Nxd4 Nf6 5. Nxc6 bxc6 6. e5 Qe7 7. Qe2 Nd5 8. c4 Ba6 9. g3 g6 10. b3 Bg7 11. Bb2 0-0 12. Bg2 Rfe8 13. 0-0 Bxe5 14. Qxe5 Qxe5 15. Bxe5 Rxe5 16. cxd5 Bxf1 17. Kxf1 cxd5 18. Nc3 c6 19. Rd1 Rae8 20. Bf3 Kf8 21. Na4 Ke7 22. Nc5 Kd6 23. b4 Kc7 24. a3 d6 25. Nd3 Rf5 26. Bg2 Re3 27. a4 d4 28. Kg1 Re2 29. Rc1 c5 30. bxc5 dxc5 31. Nxc5 Kd8 32. f4 Rf6 33. Rd1 Rb6 34. Rxd4+ Ke7 35. Bf1 Rc2 36. Nd3 Rb1 37. Re4+ Kf6 38. Re1 Rb3 39. Ne5 Rbb2 40. h3 h5 41. Nd3 Rb3 42. Re2 Rcc3 43. Ra2 Rxd3 44. Bxd3 Rxd3 45. Kf2 Rd4 46. a5 Rb4 47. Ra3 Ke6 48. Kf3 Kd6 49. a6 Kc7 50. g4 hxg4+ 51. Kxg4 Kb6 52. h4 Rb5 53. Ra4 Rf5 54. Ra1 Kb5 55. Ra2 Rh5 56. Kg3 Rf5 57. Kg4 Rh5 58. Kg3 f5 59. Re2 Rh7 60. Re6 Rg7 61. Kf3 Kc5 62. Rf6 Kb5 63. h5 gxh5 64. Rxf5+ Kxa6 65. Rxh5 Kb6 66. Ke4 a5 67. Ke5 a4 68. f5 Kb5 69. f6 Ra7 70. f7 Ra8 71. Kf6+ Kb4 72. Kg7 a3 73. Rh8 Ra7 74. Kf6 Rxf7+ 75. Kxf7 a2 76. Ra8 Kb3 77. Ke6 Kb2 78. Kd5 a1Q 79. Rxa1 Kxa1 1/2-1/2

[Event "Paris-ch op-A"]
[Site "Paris"]
[Date "2010.07.04"]
[Round "2"]
[White "Anes, Emmanuel"]
[Black "Denous, Cyprien"]
[Result "1-0"]
[WhiteElo "2139"]
[BlackElo "2006"]
[PlyCount "31"]
[EventDate "2010.07.03"]
[EventType "swiss"]
[EventRounds "9"]
[EventCountry "FRA"]
[SourceTitle "CBM 137 Extra"]
[Source "ChessBase"]
[SourceDate "2010.09.01"]
[SourceVersion "1"]
[SourceVersionDate "2010.09.01"]
[SourceQuality "1"]

1. d4 Nf6 2. Nc3 d5 3. e4 dxe4 4. f3 exf3 5. Nxf3 Bg4 6. h3 Bxf3 7. Qxf3 c6 8. Be3 e6 9. Bd3 Nbd7 10. 0-0 Qc7 11. Ne4 0-0-0 12. Bf4 Qb6 13. Ng5 Re8 14. Kh1 Qxd4 15. Nxf7 Rg8 16. Qxc6+ 1-0

[Event "FRA-ch op-A"]
[Site "Pau"]
[Date "2008.08.15"]
[Round "4"]
[White "Denous, Cyprien"]
[Black "Buscara, Sevan"]
[Result "0-1"]
[WhiteElo "2028"]
[BlackElo "2159"]
[PlyCount "64"]
[EventDate "2008.08.11"]
[EventType "swiss"]
[EventRounds "9"]
[EventCountry "FRA"]
[SourceTitle "CBM 126 Extra"]
[Source "ChessBase"]
[SourceDate "2008.11.05"]
[SourceVersion "1"]
[SourceVersionDate "2008.11.05"]
[SourceQuality "1"]

1. e4 d5 2. exd5 Qxd5 3. Nc3 Qa5 4. Bc4 Nf6 5. d4 Bg4 6. f3 Bf5 7. Nge2 Nbd7 8. 0-0 0-0-0 9. Bd2 e5 10. Nd5 Qa4 11. Bb3 Qa6 12. Ne3 Bg6 13. d5 c5 14. Kh1 Qd6 15. Nc4 Qe7 16. Be3 h5 17. Qd2 h4 18. Rad1 h3 19. g3 e4 20. Nf4 exf3 21. Nxg6 fxg6 22. Bxc5 Nxc5 23. Rfe1 Nce4 24. Qe3 Kb8 25. Nd2 Ng4 26. Qxf3 Nef2+ 27. Kg1 Qc5 28. Qc3 Qxc3 29. bxc3 Nxd1 30. Rxd1 Re8 31. Ba4 Re2 32. Bd7 Rg2+ 0-1

[Event "Nantes op 7th"]
[Site "Nantes"]
[Date "2008.??.??"]
[Round "2"]
[White "Colin, Vincent"]
[Black "Denous, Cyprien"]
[Result "1-0"]
[WhiteElo "2421"]
[BlackElo "2021"]
[PlyCount "59"]
[EventDate "2008.12.26"]
[EventType "swiss"]
[EventRounds "9"]
[EventCountry "FRA"]
[SourceTitle "CBM 128 Extra"]
[Source "ChessBase"]
[SourceDate "2009.03.05"]
[SourceVersion "2"]
[SourceVersionDate "2009.03.25"]
[SourceQuality "1"]

1. d4 d5 2. c4 Nc6 3. Nf3 Bg4 4. Be3 Nf6 5. Ne5 Be6 6. Nxc6 bxc6 7. g3 g6 8. Bg2 Bg7 9. 0-0 0-0 10. c5 Qd7 11. f3 Rfd8 12. Nd2 Ne8 13. Nb3 Qc8 14. Na5 Qa6 15. b4 Bd7 16. Bf2 Bf6 17. Qd2 Ng7 18. Rfd1 Re8 19. f4 Ne6 20. e4 dxe4 21. Bxe4 Rab8 22. Rab1 Nd8 23. Qd3 Qxd3 24. Rxd3 Bg7 25. Ra3 f6 26. Nc4 Be6 27. Nd2 Rb7 28. b5 Bd5 29. Bxd5+ cxd5 30. c6 1-0

[Event "Nantes op 5th"]
[Site "Nantes"]
[Date "2006.12.28"]
[Round "5"]
[White "Crouan, Stephane"]
[Black "Denous, Cyprien"]
[Result "1-0"]
[WhiteElo "2224"]
[BlackElo "2030"]
[PlyCount "57"]
[EventDate "2006.12.26"]
[EventType "swiss"]
[EventRounds "9"]
[EventCountry "FRA"]
[SourceTitle "CBM 116 Extra"]
[Source "ChessBase"]
[SourceDate "2007.03.07"]
[SourceVersion "1"]
[SourceVersionDate "2007.03.07"]
[SourceQuality "1"]

1. e4 Nf6 2. e5 Nd5 3. d4 d6 4. Nf3 dxe5 5. Nxe5 c6 6. Bd3 Nd7 7. 0-0 Nxe5 8. dxe5 g6 9. a3 Bg7 10. c4 Nb6 11. Qe2 Qd4 12. Re1 Be6 13. Be3 Qxe5 14. Nc3 0-0 15. f4 Qf6 16. g4 Qh4 17. f5 gxf5 18. gxf5 Bxc4 19. Bf2 Bd4 20. Ne4 Bxd3 21. Qxd3 Bxf2+ 22. Nxf2 Rad8 23. Qf3 Rd4 24. Kh1 Rf4 25. Rg1+ Kh8 26. Qg2 Qf6 27. Ne4 Qh6 28. Rad1 Nd5 29. Rd3 1-0

[Event "Angers op 1st"]
[Site "Angers"]
[Date "2006.05.07"]
[Round "4"]
[White "Denous, Cyprien"]
[Black "Picart, Laurent"]
[Result "1/2-1/2"]
[WhiteElo "1870"]
[BlackElo "2099"]
[PlyCount "37"]
[EventDate "2006.05.06"]
[EventType "swiss"]
[EventRounds "6"]
[EventCountry "FRA"]
[SourceTitle "EXT 2007"]
[Source "ChessBase"]
[SourceDate "2006.11.23"]
[SourceVersion "1"]
[SourceVersionDate "2006.11.23"]
[SourceQuality "1"]

1. e4 e5 2. Nf3 Nf6 3. Nxe5 d6 4. Nf3 Nxe4 5. Qe2 Qe7 6. d3 Nf6 7. Bg5 Qxe2+ 8. Bxe2 Be7 9. Nc3 c6 10. 0-0-0 Na6 11. d4 Nc7 12. Rhe1 0-0 13. Bd3 Re8 14. Ne4 Nxe4 15. Rxe4 Bxg5+ 16. Nxg5 h6 17. Rde1 Ne6 18. Nxe6 Bxe6 19. f4 1/2-1/2